|
|
|
|
| LEADER |
00964nam a2200253 a 4500 |
| 001 |
00025467 |
| 008 |
120704s2004 enka 000 0 eng |
| 020 |
|
|
|a 0521752612
|
| 020 |
|
|
|a 9780521752619
|
| 040 |
|
|
|a BD-DhAAL
|c BD-DhAAL
|
| 082 |
0 |
4 |
|a 428.6
|2 20
|
| 100 |
1 |
|
|a Perry, Sue.
|
| 245 |
1 |
0 |
|a Not yet, Nathan! /
|c Sue Perry and Jane Rose ; illustrated by Jan Lewis.
|
| 260 |
|
|
|a Cambridge :
|b Cambridge University Press ,
|c c2004.
|
| 300 |
|
|
|a 16 p. :
|b col. ill. ;
|c 23cm.
|
| 490 |
0 |
|
|a Cambridge storybooks
|
| 541 |
1 |
|
|e 00025467
|
| 650 |
|
0 |
|a Readers
|x Juvenile literature.
|
| 653 |
|
1 |
|a English language
|a Reading books
|
| 700 |
1 |
|
|a Rose, Jane.
|
| 700 |
1 |
|
|a Lewis Jan.
|
| 852 |
1 |
|
|a Ayesha Abed library
|c General Shelf
|
| 999 |
|
|
|c 12486
|d 12486
|
| 952 |
|
|
|0 0
|1 0
|2 ddc
|4 0
|6 428_600000000000000_PER
|7 0
|9 20636
|a BRACUL
|b BRACUL
|c GEN
|d 2012-07-04
|e karim International
|g 514.75
|l 0
|o 428.6 PER
|p 3010025467
|r 2012-07-04
|t 1
|w 2012-07-04
|y BK
|x Transferred from BIL to BRACUL on 06/06/22
|